000 00301nam a22001337a 4500
008 171013b xxu||||| |||| 00| 0 eng d
020 _a9780205685707
041 _aeng
080 _27TH
_a316
100 _a50
101 _aSOC
245 _aQUALITATIVE RESEARCH METHODS
_cBERG,B.L
942 _2udc
_cBK
999 _c33651
_d33651